LEADER 02575nam 2200709 450 001 9910464124003321 005 20200520144314.0 010 $a0-8156-5061-2 035 $a(CKB)3240000000064790 035 $a(PromptCat)40020524926 035 $a(MH)013128067-8 035 $a(SSID)ssj0000582024 035 $a(PQKBManifestationID)11408764 035 $a(PQKBTitleCode)TC0000582024 035 $a(PQKBWorkID)10541081 035 $a(PQKB)10543596 035 $a(MiAaPQ)EBC4649165 035 $a(OCoLC)821725608 035 $a(MdBmJHUP)muse671 035 $a(Au-PeEL)EBL4649165 035 $a(CaPaEBR)ebr11250046 035 $a(CaONFJC)MIL946987 035 $a(OCoLC)957437198 035 $a(EXLCZ)993240000000064790 100 $a20160905h20122012 uy 0 101 0 $aeng 135 $aurcnu|||||||| 181 $ctxt 182 $cc 183 $acr 200 10$aAmerica in the forties /$fRonald Allen Goldberg ; foreword by John Robert Greene 205 $a1st ed. 210 1$aSyracuse, New York :$cSyracuse University Press,$d2012. 210 4$dİ2012 215 $a1 online resource (xiii, 213 p. ) 225 1 $aAmerica in the Twentieth Century 300 $aIncludes index. 311 $a0-8156-3265-7 311 $a0-8156-3292-4 320 $aIncludes bibliographical references and index. 327 $aA prelude to war -- Life on the home front -- The war against Germany -- War in the Pacific -- Postwar America : prosperity and problems -- Truman : the embattled president -- The rise of the Cold War -- Legacies. 410 0$aAmerica in the twentieth century. 606 $aWorld War, 1939-1945$zUnited States 606 $aNineteen forties 607 $aUnited States$xHistory$y1933-1945 607 $aUnited States$xHistory$y1945-1953 607 $aUnited States$xSocial conditions$y1933-1945 607 $aUnited States$xSocial conditions$y1945- 608 $aElectronic books. 615 0$aWorld War, 1939-1945 615 0$aNineteen forties. 676 $a973.91 700 $aGoldberg$b Ronald Allen$01035669 702 $aGreene$b John Robert 801 0$bMiAaPQ 801 1$bMiAaPQ 801 2$bMiAaPQ 906 $aBOOK 912 $a9910464124003321 996 $aAmerica in the forties$92455479 997 $aUNINA 999 $aThis Record contains information from the Harvard Library Bibliographic Dataset, which is provided by the Harvard Library under its Bibliographic Dataset Use Terms and includes data made available by, among others the Library of Congress LEADER 02513nam 2200613 a 450 001 9910453010903321 005 20200520144314.0 010 $a1-118-41645-7 010 $a1-283-89331-2 010 $a1-118-41900-6 035 $a(CKB)2550000000710764 035 $a(EBL)1097790 035 $a(OCoLC)823388776 035 $a(SSID)ssj0000784220 035 $a(PQKBManifestationID)11428767 035 $a(PQKBTitleCode)TC0000784220 035 $a(PQKBWorkID)10763703 035 $a(PQKB)10148478 035 $a(MiAaPQ)EBC1097790 035 $a(DLC) 2012041881 035 $a(Au-PeEL)EBL1097790 035 $a(CaPaEBR)ebr10639267 035 $a(CaONFJC)MIL420581 035 $a(EXLCZ)992550000000710764 100 $a20121228d2013 uy 0 101 0 $aeng 135 $aur|n|---||||| 181 $ctxt 182 $cc 183 $acr 200 10$aScenario-based e-learning$b[electronic resource] $eevidence-based guidelines for online workforce learning /$fRuth Colvin Clark 210 $aSan Francisco, Calif. $cPfeiffer$d2013 215 $a1 online resource (248 p.) 300 $aDescription based upon print version of record. 311 $a1-118-12725-0 320 $aIncludes bibliographical references and index. 330 $a"Scenario-Based Learning offers a wealth of ideas for improving critical thinking skills, problem solving, and includes suggestions for promoting opportunities for practicing scenario-based learning on the job. The book contains a wealth of kick-off alternative research-based examples and describes various types of case data. The book also includes tutorials, action templates, and online references. This must-have resource also includes information on intrinsic versus instructional feedback, rubrics for virtual worlds, as well as technique for refining thinking skills"--$cProvided by publisher. 606 $aEmployees$xTraining of$xComputer-assisted instruction 606 $aProblem-based learning 606 $aInstructional systems$xDesign 608 $aElectronic books. 615 0$aEmployees$xTraining of$xComputer-assisted instruction. 615 0$aProblem-based learning. 615 0$aInstructional systems$xDesign. 676 $a658.312404 686 $aEDU039000$2bisacsh 700 $aClark$b Ruth Colvin$0202082 801 0$bMiAaPQ 801 1$bMiAaPQ 801 2$bMiAaPQ 906 $aBOOK 912 $a9910453010903321 996 $aScenario-based e-learning$91909295 997 $aUNINA